| 000 | 01495cam a2200421Ia 4500 | ||
|---|---|---|---|
| 001 | 9447515 | ||
| 003 | USPCAS-E | ||
| 005 | 20180118181419.0 | ||
| 006 | m u | ||
| 007 | cr cn||||||||| | ||
| 008 | 101129s2011 enka sb 001 0 eng d | ||
| 010 | _z 2010050378 | ||
| 020 | _z0470721111 | ||
| 020 | _z9780470721117 | ||
| 020 | _z9781119990857 | ||
| 035 | _a(CaPaEBR)ebr10510398 | ||
| 035 | _a(NNC)9447515 | ||
| 040 |
_aCaPaEBR _cCaPaEBR |
||
| 050 | 1 | 4 |
_aTP339 _b.T476 2011eb |
| 082 | 0 | 4 |
_a662.88 _222 _bTHE 2011 |
| 245 | 0 | 0 |
_aThermochemical processing of biomass _bconversion into fuels, chemicals and power / _cddited by Robert C. Brown. |
| 260 |
_aChichester, West Sussex, United Kingdom : _bJohn Wiley & Sons, Ltd., _c2011. |
||
| 300 |
_axiv, 330 p. : _bill. |
||
| 490 | 1 | _aWiley series in renewable resources | |
| 502 | _a. | ||
| 504 | _aIncludes bibliographical references and index. | ||
| 533 |
_aElectronic reproduction. _bPalo Alto, Calif. : _cebrary, _d2011. _nAvailable via World Wide Web. _nAccess may be limited to ebrary affiliated libraries. |
||
| 650 | 0 | _aBiomass energy. | |
| 650 | 0 | _aThermochemistry. | |
| 650 | 0 | _aEnergy conversion. | |
| 655 | 7 |
_aElectronic books. _2local |
|
| 700 | 1 |
_aBrown, Robert C. _q(Robert Clinton) |
|
| 710 | 2 | _aebrary, Inc. | |
| 830 | 0 | _aWiley series in renewable resources. | |
| 856 | 4 | 0 |
_uhttp://www.columbia.edu/cgi-bin/cul/resolve?clio9447515 _zClick here for full text. |
| 942 |
_2ddc _cBK |
||
| 999 |
_c355979 _d355979 |
||